Statistiken für Ode an die Freude - Beethoven / Schiller Lyrics

Klicken Sie hier um das Quiz zu spielen!

Allgemein

  • Dieses Quiz wurde 267 mal gespielt
  • Das Durchschnittsergebnis liegt bei 20 aus 30

Antwortstatistiken

Antwort% Korrekt
Freude
100%
schöner
99%
Götterfunken
95%
aus
91%
Tochter
89%
Elysium
85%
Wir
81%
dein
79%
dein
79%
Heiligtum
77%
betreten
71%
Himmlische
69%
feuertrunken
68%
Alle
65%
Brüder
65%
die
64%
werden
64%
Menschen
62%
was
59%
Deine
58%
streng
56%
wieder
56%
wo
56%
geteilt
53%
Mode
53%
Flügel
49%
sanfter
49%
weilt
49%
binden
46%
Zauber
46%

Verteilung der Resultate

Perzentil nach korrekt beantworteten Fragen

Anzahl Personen mit jedem Resultat

Ihre Resultats-Entwicklung

Sie haben dieses Quiz noch nicht gespielt